000 00658ntaaa2200205 4500
003 01
005 20251027202310.0
008 0714s1973 ag 01
040 _aAR-BaBN
_bspa
_cAR-BaBN
_eaacr
_dRIC
082 _a278.0000 V71h
100 _aVillegas, Juan
_921535
245 _aHistoria de la iglesia en América Latina
250 _a1 ed.
260 _aBuenos Aires :
_bApoyo,
_c1978
300 _a5 p numeradas de la 28 a la 32
500 _aFotocopia de un artículo aparecido en Mensaje en Feb. de 1978
650 _aComision de estudios de historia de la iglesia en Latinoamerica
_921536
650 _aAmerica Latina-catolicismo
_91406
942 _cBK
999 _c17769
_d17769